|
|
|
|
| LEADER |
01266nam a2200277 a 4500 |
| 001 |
13289015 |
| 008 |
091122s1999 bg a s i000 0 eng d |
| 010 |
|
|
|a 2003306545
|
| 040 |
|
|
|a DLC
|c DLC
|
| 082 |
0 |
0 |
|a 307.2
|2 21
|
| 245 |
0 |
0 |
|a Bangladesh, key challenges for the next millennium.
|
| 246 |
3 |
0 |
|a Challenges for the next millennium
|
| 260 |
|
|
|a Dhaka ;
|a Washington, D.C. :
|b World Bank,
|c 1999.
|
| 300 |
|
|
|a vi, 88 p. :
|b ill. ;
|c 29 cm.
|
| 520 |
|
|
|a With reference to economic and social conditions of Bangladesh.
|
| 500 |
|
|
|a Includes statistical tables.
|
| 541 |
1 |
|
|e 00007359
|
| 651 |
|
0 |
|a Bangladesh
|x Economic conditions.
|
| 651 |
|
0 |
|a Bangladesh
|x Social conditions.
|
| 651 |
|
0 |
|a Bangladesh
|x Economic conditions
|v Statistics.
|
| 651 |
|
0 |
|a Bangladesh
|x Social conditions
|v Statistics.
|
| 710 |
2 |
|
|a World Bank.
|b Bangladesh Dhaka Office.
|
| 852 |
4 |
|
|a Ayesha Abed Library
|j General Shelf
|
| 999 |
|
|
|c 5870
|d 5870
|
| 952 |
|
|
|0 0
|1 0
|2 ddc
|4 0
|6 307_200000000000000_BAN_1999
|7 0
|9 5854
|a BRACUL
|b BRACUL
|c GEN
|d 2009-12-06
|g 0.00
|l 0
|o 307.2 BAN
|p 3010007359
|r 2009-12-06
|t 1
|w 2009-12-06
|y BK
|x No price found in the accession register.
|
| 952 |
|
|
|0 0
|1 0
|2 ddc
|4 0
|6 307_200000000000000_BAN
|7 0
|9 61131
|a IGS
|b IGS
|c GEN
|d 2017-09-13
|e BIGD
|l 0
|o 307.2 BAN
|p 3010016866
|r 2017-09-13
|t 2
|w 2017-09-13
|y BK
|